000 00564nam a2200241 a 4500
001 nice12345678
003 IN_TiNIC
005 20260116012034.0
008 050524s1965 lona grp 000 0 eng
020 _a
_c0
082 0 0 _a260
_bFUR
100 _aFurlong, Monica
245 _aWith Love to the Church
260 _aLondon
_bHodder & Stoughton
_c1965
300 _a95p
500 _aincludes index and biblioraphy
505 2 _aIndex
650 _aTheology-Social
700 1 _aFurlong, Monica
902 _bSRS
942 _cBK
999 _c5384
_d5384